Mexico-U.S. Relations : Issues for the 106th Congress.

Provides an overview of and outlines factors impacting current and future U.S. relations with Mexico. Reviews key bilateral issues, including trade, migration and border security, drug trafficking, and political and human rights issues.

Bibliographic Details
Corporate Authors: Library of Congress. Congressional Research Service, ProQuest (Firm)
Format: eBook
Language:English
Published: [Place of publication not identified] : [publisher not identified], 2000.
Series:U.S. Congressional Research.
Subjects:
Online Access:Connect to the full text of this electronic book

MARC

Tag First Indicator Second Indicator Subfields
LEADER 00000cam a22000001a 4500
001 in00003383813
006 m d f
007 cr bn mmmapmmp
008 100720s2000 dcu o f000 0 eng d
005 20260429184022.3
035 |a cis2007895135 
040 |a ProQuest  |c ProQuest  |d UtOrBLW 
043 |a n-us--- 
099 |a CRS-2000-FDT-0243 
110 2 |a Library of Congress.  |b Congressional Research Service. 
245 1 0 |a Mexico-U.S. Relations :  |b Issues for the 106th Congress. 
264 1 |a [Place of publication not identified] :  |b [publisher not identified],  |c 2000. 
300 |a 1 online resource. 
336 |a text  |b txt  |2 rdacontent 
337 |a computer  |b c  |2 rdamedia 
338 |a online resource  |b cr  |2 rdacarrier 
500 |a Record is based on bibliographic data in ProQuest U.S. Congressional Research Digital Collection (last viewed July 2010). Reuse except for individual research requires license from ProQuest, LLC. 
500 |a CRS Report. 
520 |a Provides an overview of and outlines factors impacting current and future U.S. relations with Mexico. Reviews key bilateral issues, including trade, migration and border security, drug trafficking, and political and human rights issues. 
500 |a Electronic resource. 
650 0 |a International trade. 
650 0 |a Human rights. 
651 0 |a Mexico. 
655 7 |a Electronic books.  |2 local 
710 2 |a ProQuest (Firm) 
776 0 8 |i Microfiche version:   |a Library of Congress. Congressional Research Service.  |t Mexico-U.S. Relations 
830 0 |a U.S. Congressional Research. 
856 4 0 |u http://proxy.library.tamu.edu/login?url=https://congressional.proquest.com/congcomp/getdoc?CRDC-ID=CRS-2000-FDT-0243  |z Connect to the full text of this electronic book  |t 0 
999 |a MARS 
999 f f |s e2b8b847-d2c8-31a5-8c28-89bdbd9a427b  |i 19ac4785-2549-3ca9-83f7-8652242abbe7  |t 0 
952 f f |a Texas A&M University  |b College Station  |c Electronic Resources  |s www_evans  |d Available Online  |t 0  |e CRS-2000-FDT-0243  |h Other scheme 
998 f f |a CRS-2000-FDT-0243  |t 0  |l Available Online